LEADER 00971nam a2200241 i 4500 001 000000182573 003 CaOOAMICUS 005 20151009000000.0 008 151009s1956 it u000 u ita u 013 $a160530 040 $aSeMil$bita 100 1 $aRossi, Giovanni,$c.$0(OLS)http://semarc/name/10641 245 13$aIl cardinal Ferrari /$cdon Giovanni Rossi. 260 $aAssisi :$bEdizioni Pro Civitate Christiana,$c1956. 300 $a277 p., [12] p. di tav. ;$c21 cm. 500 $aFondo card. Giovanni Colombo. 600 14$aFerrari, Andrea Carlo .$0(OLS)http://semarc/subject/1361 850 $aSeMil 852 $aSeMil$W1$xVenegono$y1$m3GC VI 383$j133277$B133277$CSeMilBibl$Z2$F145144 $8B 941 1 $a3 961 $aLascito: Colombo Card. Giovanni 996 $6245$aIl cardinal Ferrari$9(OLS)http://semarc/title/102396 996 $6260$aAssisi :$bEdizioni Pro Civitate Christiana$9(OLS)http://semarc/publisher/29813 LEADER 01086nam a2200277 i 4500 001 000000112537 003 CaOOAMICUS 005 20030224000000.0 008 030224s2002 it u000 u ita u 013 $a85221 020 $a88-8419-084-3 040 $aSeMil$bita 100 1 $aBettetini, Gianfranco <1933-2017>.$0(OLS)http://semarc/name/89672 245 12$aL'imperfezione del fare :$bromanzo /$cGianfranco Bettetini. 260 $aTorino :$bNino Aragno,$ccopyr. 2002. 300 $a228 p. ;$c21 cm. 490 0 $aL'albero genealogico 500 $aCon dedica autografa dell'Autore. - Fondo Card. C.M. Martini. 830 2$aL'albero genealogico.$0(OLS)http://semarc/title/11521 850 $aSeMil 852 $aSeMil$W1$xVenegono$y1$m1O V 144$j68274$B68274$CSeMilBibl$Z2$F96411 $81 941 1 $a4 961 $aOmaggio: Martini Card. Carlo Maria 996 $6020$a88-8419-084-3$9(OLS)http://semarc/number/95135 996 $6245$aL'imperfezione del fare :$bromanzo$9(OLS)http://semarc/title/164091 996 $6260$aTorino :$bNino Aragno$9(OLS)http://semarc/publisher/32366